[Event "Montreal Mercredi 02"]
[Site "Montreal CAN"]
[Date "2011.02.23"]
[Round "1"]
[White "Brassard, Sylvain"]
[Black "Nardone, Raul"]
[Result "1/2-1/2"]
[WhiteElo "1807"]
[BlackElo "1779"]
[PlyCount "48"]
[GameId "2160767909804324"]
[EventDate "2011.02.23"]
[EventType "tourn"]
[EventRounds "5"]
[EventCountry "CAN"]
[SourceTitle "EXT 2013"]
[Source "ChessBase"]
[SourceDate "2012.11.22"]
[SourceVersion "1"]
[SourceVersionDate "2012.11.22"]
[SourceQuality "1"]

1. b3 e5 2. Bb2 Nc6 3. e3 d6 4. Bb5 Bd7 5. Nf3 Nf6 6. O-O Be7 7. d4 exd4 8. Nxd4 O-O 9. Nxc6 bxc6 10. Be2 Be6 11. c4 Qd7 12. Nd2 a5 13. Bf3 Rfb8 14. Ne4 Nxe4 15. Bxe4 a4 16. Bc2 axb3 17. axb3 Rxa1 18. Qxa1 Bf8 19. Qa5 Bxc4 20. bxc4 Rxb2 21. Ba4 d5 22. cxd5 Qxd5 23. Qxc7 c5 24. Bc6 Qd6 1/2-1/2

[Event "Montreal Mercredi 02"]
[Site "Montreal CAN"]
[Date "2011.02.23"]
[Round "1"]
[White "Deshetres, Michel"]
[Black "Lescarbeau, Martin"]
[Result "1/2-1/2"]
[WhiteElo "1672"]
[BlackElo "1621"]
[PlyCount "95"]
[GameId "2160767909804325"]
[EventDate "2011.02.23"]
[EventType "tourn"]
[EventRounds "5"]
[EventCountry "CAN"]
[SourceTitle "EXT 2013"]
[Source "ChessBase"]
[SourceDate "2012.11.22"]
[SourceVersion "1"]
[SourceVersionDate "2012.11.22"]
[SourceQuality "1"]

1. d4 Nf6 2. c4 g6 3. Nc3 Bg7 4. e4 d6 5. f4 c5 6. d5 O-O 7. Nf3 Bg4 8. Be2 Nbd7 9. h3 Bxf3 10. Bxf3 a6 11. O-O Rb8 12. Qe2 Ne8 13. Kh1 Nc7 14. a4 e6 15. Be3 exd5 16. cxd5 Re8 17. Qf2 b5 18. axb5 axb5 19. e5 dxe5 20. fxe5 Nxe5 21. Be2 c4 22. Ra7 f5 23. Bb6 Re7 24. Nxb5 Qxd5 25. Nxc7 Qc6 26. Nd5 Rxa7 27. Bxa7 Rb7 28. Bf3 Nxf3 29. Qxf3 Kh8 30. Bg1 Rxb2 31. Rd1 h6 32. Qg3 Kh7 33. Ne7 Qf6 34. Nd5 Qe5 35. Qxe5 Bxe5 36. Bd4 Bxd4 37. Rxd4 Rb1+ 38. Kh2 Rc1 39. Ne3 c3 40. Rc4 f4 41. Nd5 g5 42. Rxc3 Rxc3 43. Nxc3 Kg6 44. Ne4 h5 45. Kg1 g4 46. hxg4 hxg4 47. Kf2 Kf5 48. Nd2 1/2-1/2

[Event "Montreal Mercredi 02"]
[Site "Montreal CAN"]
[Date "2011.02.23"]
[Round "1"]
[White "Lalonde, Paul"]
[Black "Cardin, Guillaume"]
[Result "1-0"]
[WhiteElo "1880"]
[BlackElo "1849"]
[PlyCount "109"]
[GameId "2160767909804327"]
[EventDate "2011.02.23"]
[EventType "tourn"]
[EventRounds "5"]
[EventCountry "CAN"]
[SourceTitle "EXT 2013"]
[Source "ChessBase"]
[SourceDate "2012.11.22"]
[SourceVersion "1"]
[SourceVersionDate "2012.11.22"]
[SourceQuality "1"]

1. e4 e5 2. Nc3 Nf6 3. f4 d5 4. fxe5 Nxe4 5. Nf3 Bg4 6. Be2 Bxf3 7. Bxf3 Qh4+ 8. g3 Nxg3 9. hxg3 Qxg3+ 10. Kf1 Bc5 11. Qe2 Nc6 12. Qg2 Qxe5 13. Rh5 f5 14. Qe2 g6 15. Rh2 O-O-O 16. Qxe5 Nxe5 17. Bxd5 Ng4 18. Rh3 Rde8 19. d3 Be3 20. Bb3 f4 21. Nd5 Bxc1 22. Rxc1 g5 23. Re1 c6 24. Ne7+ Kb8 25. Nf5 Rxe1+ 26. Kxe1 h5 27. c3 Ne5 28. d4 g4 29. Rh1 Nf3+ 30. Kf2 Nd2 31. Ke2 Ne4 32. Bc2 f3+ 33. Ke3 Ng5 34. Kf2 Nh3+ 35. Kg3 Re8 36. Bd3 f2 37. Rf1 Re1 38. a4 Kc7 39. Kh4 Kd7 40. Bc4 Re4 41. Kxh5 Rf4 42. Ng3 Ke7 43. Be2 Kf6 44. Bxg4 Ng5 45. Ne2 Ne4 46. Kh4 Nd2 47. Nxf4 Nxf1 48. Be2 Nd2 49. Nh5+ Kf5 50. Ng3+ Kf4 51. Nf1 Ne4 52. Kh3 b6 53. Kg2 a5 54. Bf3 Ng5 55. Bxc6 1-0

[Event "Montreal Mercredi 02"]
[Site "Montreal CAN"]
[Date "2011.02.23"]
[Round "1"]
[White "Lopez Linares, Lizandro"]
[Black "Weston, Paul"]
[Result "1/2-1/2"]
[WhiteElo "1880"]
[BlackElo "1850"]
[PlyCount "101"]
[GameId "2160767909804328"]
[EventDate "2011.02.23"]
[EventType "tourn"]
[EventRounds "5"]
[EventCountry "CAN"]
[SourceTitle "EXT 2013"]
[Source "ChessBase"]
[SourceDate "2012.11.22"]
[SourceVersion "1"]
[SourceVersionDate "2012.11.22"]
[SourceQuality "1"]

1. d4 d5 2. c4 e6 3. Nc3 c6 4. Nf3 f5 5. Bf4 Nf6 6. e3 Be7 7. Rc1 O-O 8. Bd3 Bd7 9. O-O h6 10. cxd5 cxd5 11. Qb3 b6 12. Ne5 a6 13. Na4 Bxa4 14. Qxa4 Bd6 15. Nc6 Qd7 16. Bxd6 Qxd6 17. Nxb8 Rfxb8 18. Rc6 Qd7 19. Qc2 Ne8 20. Rc1 b5 21. f3 Nd6 22. Rc7 Qd8 23. b3 Rc8 24. Rc5 Qd7 25. Kf2 Kh8 26. Ke2 Qd8 27. g3 Qd7 28. Kd2 Qd8 29. Rc7 Nc4+ 30. bxc4 Rxc7 31. c5 Rc6 32. Rg1 Qf6 33. f4 Rg8 34. a4 Rb8 35. axb5 axb5 36. Rb1 b4 37. Qa4 Rcc8 38. Rxb4 Rxb4 39. Qxb4 Qd8 40. Ke2 Rb8 41. Qa3 Qc7 42. Kf2 Qb7 43. Be2 Ra8 44. Qd3 Ra2 45. h3 Kg8 46. g4 fxg4 47. hxg4 Kf8 48. Kf3 Qb2 49. f5 e5 50. dxe5 Qxe5 51. Qb5 1/2-1/2

[Event "Montreal Mercredi 02"]
[Site "Montreal CAN"]
[Date "2011.02.23"]
[Round "1"]
[White "Morin, Louis"]
[Black "Gagnon, Serge"]
[Result "1/2-1/2"]
[WhiteElo "1903"]
[BlackElo "2061"]
[PlyCount "116"]
[GameId "2160767909804329"]
[EventDate "2011.02.23"]
[EventType "tourn"]
[EventRounds "5"]
[EventCountry "CAN"]
[SourceTitle "EXT 2013"]
[Source "ChessBase"]
[SourceDate "2012.11.22"]
[SourceVersion "1"]
[SourceVersionDate "2012.11.22"]
[SourceQuality "1"]

1. e4 d6 2. d4 Nf6 3. Nc3 g6 4. f4 Bg7 5. Nf3 O-O 6. Bd3 Nc6 7. O-O e5 8. fxe5 dxe5 9. d5 Ne7 10. Nxe5 c6 11. Nc4 cxd5 12. exd5 Nfxd5 13. Nxd5 Nxd5 14. Kh1 Be6 15. c3 Rc8 16. Ne3 Ne7 17. Bc2 Qc7 18. Ng4 Nd5 19. Bb3 Rcd8 20. Qf3 h5 21. Ne3 Nxe3 22. Bxe3 Bxb3 23. axb3 a6 24. Rad1 Be5 25. Rxd8 Rxd8 26. h3 Rd7 27. Rd1 Qd8 28. Rxd7 Qxd7 29. b4 Qd3 30. Bg1 Qxf3 31. gxf3 Kf8 32. Bc5+ Ke8 33. Kg2 Kd7 34. Kf2 Kc6 35. Ke3 f5 36. f4 Bc7 37. Bd4 Kd5 38. b3 Bd6 39. c4+ Kc6 40. Bc3 b5 41. c5 Be7 42. Bd4 Kd5 43. Kd3 Bh4 44. Be3 Bg3 45. Bd2 Bh4 46. Be3 Bf6 47. Bd2 Bd8 48. Bc3 Bc7 49. Bd2 Bd8 50. Bc3 Be7 51. Bd2 Bf6 52. Bc3 Be7 53. Bd2 Bh4 54. Be3 Be1 55. Bd2 Bf2 56. Be3 Bh4 57. Bd2 Kc6 58. Be3 Be1 1/2-1/2

[Event "Montreal Mercredi 02"]
[Site "Montreal CAN"]
[Date "2011.02.23"]
[Round "1"]
[White "Pilotte, Benoit"]
[Black "Gauthier, Luc"]
[Result "0-1"]
[WhiteElo "1782"]
[BlackElo "1738"]
[PlyCount "58"]
[GameId "2160767909804330"]
[EventDate "2011.02.23"]
[EventType "tourn"]
[EventRounds "5"]
[EventCountry "CAN"]
[SourceTitle "EXT 2013"]
[Source "ChessBase"]
[SourceDate "2012.11.22"]
[SourceVersion "1"]
[SourceVersionDate "2012.11.22"]
[SourceQuality "1"]

1. e4 Nf6 2. Nc3 d5 3. exd5 Nxd5 4. Bc4 Nb6 5. Bb3 Nc6 6. a4 a5 7. Qf3 e6 8. Nge2 Nd4 9. Nxd4 Qxd4 10. O-O c6 11. Re1 Qf6 12. Qg3 Be7 13. d4 Qg6 14. Qe3 O-O 15. Ne2 Nd5 16. Qf3 Bd6 17. c4 Nb4 18. Bf4 Be7 19. Red1 e5 20. dxe5 Bg4 21. Qe3 Nc2 22. Qc3 Nxa1 23. f3 Nxb3 24. Qxb3 Bc5+ 25. Kf1 Be6 26. Qc3 Bb4 27. Qc1 Rfd8 28. b3 Rd3 29. Bd2 Rad8 0-1

[Event "Montreal Mercredi 02"]
[Site "Montreal CAN"]
[Date "2011.02.23"]
[Round "1"]
[White "Pregent, Daniel"]
[Black "Gates, Claude-Eric"]
[Result "1-0"]
[WhiteElo "1840"]
[BlackElo "1713"]
[PlyCount "57"]
[GameId "2160767909804331"]
[EventDate "2011.02.23"]
[EventType "tourn"]
[EventRounds "5"]
[EventCountry "CAN"]
[SourceTitle "EXT 2013"]
[Source "ChessBase"]
[SourceDate "2012.11.22"]
[SourceVersion "1"]
[SourceVersionDate "2012.11.22"]
[SourceQuality "1"]

1. d4 d5 2. c4 c6 3. Nf3 Nf6 4. e3 e6 5. Nbd2 Nbd7 6. Bd3 Be7 7. O-O O-O 8. e4 dxe4 9. Nxe4 Nxe4 10. Bxe4 Nf6 11. Bc2 b6 12. Bg5 Bb7 13. Qd3 g6 14. Rad1 Nd7 15. Bxe7 Qxe7 16. Rfe1 Qf6 17. Re3 Rad8 18. Qa3 Ra8 19. Qd6 Rfd8 20. Qg3 Rac8 21. Ng5 c5 22. Qh4 Nf8 23. d5 Rc7 24. Rf3 Qxb2 25. Bxg6 hxg6 26. Nh7 Rd6 27. Nf6+ Kg7 28. Rh3 g5 29. Qh6# 1-0

[Event "Montreal Mercredi 02"]
[Site "Montreal CAN"]
[Date "2011.02.23"]
[Round "1"]
[White "Rondon, Luciano"]
[Black "Khudaverdian, Berj"]
[Result "1-0"]
[WhiteElo "1869"]
[BlackElo "1856"]
[PlyCount "77"]
[GameId "2160767909804332"]
[EventDate "2011.02.23"]
[EventType "tourn"]
[EventRounds "5"]
[EventCountry "CAN"]
[SourceTitle "EXT 2013"]
[Source "ChessBase"]
[SourceDate "2012.11.22"]
[SourceVersion "1"]
[SourceVersionDate "2012.11.22"]
[SourceQuality "1"]

1. d4 f5 2. Nf3 d6 3. c4 Nf6 4. Nc3 g6 5. e3 Bg7 6. Bd3 O-O 7. O-O c6 8. d5 Qe8 9. Qb3 Na6 10. Qd1 Nc5 11. Qe2 Nfe4 12. Bd2 e5 13. dxe6 Bxe6 14. Nd4 Bf7 15. Rac1 Nxd2 16. Qxd2 Ne4 17. Nxe4 fxe4 18. Be2 Qe5 19. Qc2 d5 20. cxd5 Bxd5 21. Bc4 Rac8 22. Qb3 Rb8 23. Bxd5+ cxd5 24. Rc5 Rfd8 25. Rb5 Rd7 26. Nc6 bxc6 27. Rxb8+ Bf8 28. Rc1 Kf7 29. Rb7 Qe7 30. Rxd7 Qxd7 31. Qa4 Ke6 32. Qxc6+ Bd6 33. Qxd7+ Kxd7 34. Kf1 h5 35. h3 g5 36. f3 Bb4 37. fxe4 Kd6 38. Rd1 Ke5 39. Rxd5+ 1-0

[Event "Montreal Mercredi 02"]
[Site "Montreal CAN"]
[Date "2011.02.23"]
[Round "1"]
[White "Sasseville, Jean"]
[Black "Levkovsky, Alexandre"]
[Result "0-1"]
[WhiteElo "1968"]
[BlackElo "2246"]
[PlyCount "142"]
[GameId "2160767909804333"]
[EventDate "2011.02.23"]
[EventType "tourn"]
[EventRounds "5"]
[EventCountry "CAN"]
[SourceTitle "EXT 2013"]
[Source "ChessBase"]
[SourceDate "2012.11.22"]
[SourceVersion "1"]
[SourceVersionDate "2012.11.22"]
[SourceQuality "1"]

1. Nf3 d5 2. d4 b5 3. c3 e6 4. Bg5 Nf6 5. Nbd2 Be7 6. e3 a6 7. Bd3 Bb7 8. O-O Nbd7 9. Ne5 Nxe5 10. dxe5 Nd7 11. Bf4 h5 12. h3 c5 13. e4 c4 14. Bc2 Nc5 15. Qe2 d4 16. cxd4 Qxd4 17. b3 Qb2 18. Rfc1 g5 19. Bh2 Nd3 20. Bxd3 cxd3 21. Qe3 Rd8 22. Rab1 Qd4 23. Qxd4 Rxd4 24. f3 Bb4 25. Rc7 Bxd2 26. Rxb7 Be3+ 27. Kf1 O-O 28. Rc7 g4 29. hxg4 hxg4 30. Rd1 Kg7 31. Rc3 Rfd8 32. Bg1 Bxg1 33. Kxg1 g3 34. Kf1 b4 35. Rc6 Rh8 36. Ke1 Rd7 37. Kd2 Rh2 38. Ke3 Rxg2 39. Rxa6 Re2+ 40. Kf4 g2 41. Rd6 Ra7 42. R6xd3 Raxa2 43. Rg1 Rac2 44. Kg3 Rc3 45. Rdd1 Ree3 46. Kxg2 Rxf3 47. Rb1 Rxb3 48. Rxb3 Rxb3 49. Kf2+ Kf8 50. Rd1 Rc3 51. Rb1 b3 52. Ke2 Rg3 53. Ra1 Rg5 54. Ra8+ Kg7 55. Kd3 Rxe5 56. Rb8 Rh5 57. Kd4 Rh3 58. Ke5 Rf3 59. Rb4 Kg6 60. Rb8 Kg5 61. Rg8+ Kh4 62. Rg2 Kh3 63. Rb2 Kg3 64. Rd2 Re3 65. Rd1 b2 66. Kd4 Rb3 67. Rb1 f6 68. Kc4 Rb8 69. Kd4 Kf3 70. Rf1+ Ke2 71. Rb1 Kd2 0-1

[Event "Montreal Mercredi 02"]
[Site "Montreal CAN"]
[Date "2011.03.02"]
[Round "2"]
[White "Cardin, Guillaume"]
[Black "Khudaverdian, Berj"]
[Result "0-1"]
[WhiteElo "1849"]
[BlackElo "1856"]
[PlyCount "74"]
[GameId "2160767909804334"]
[EventDate "2011.02.23"]
[EventType "tourn"]
[EventRounds "5"]
[EventCountry "CAN"]
[SourceTitle "EXT 2013"]
[Source "ChessBase"]
[SourceDate "2012.11.22"]
[SourceVersion "1"]
[SourceVersionDate "2012.11.22"]
[SourceQuality "1"]

1. d4 f5 2. Nf3 Nf6 3. c4 d6 4. Nc3 g6 5. g3 Bg7 6. Bg2 O-O 7. O-O Qe8 8. Re1 Nh5 9. e4 f4 10. Nd5 fxg3 11. Nxc7 gxf2+ 12. Kxf2 Qc6 13. Nxa8 b6 14. Nxb6 Qxb6 15. c5 dxc5 16. dxc5 Qxc5+ 17. Be3 Qe5 18. Qd5+ Be6 19. Qxe5 Bxe5 20. Kg1 Bxb2 21. Rab1 Bg7 22. Bxa7 Nc6 23. Bc5 Nf4 24. Red1 Ne2+ 25. Kh1 Nc3 26. a3 Bg4 27. Rb6 Nxd1 28. Rxc6 Bxf3 29. Bxe7 Bxg2+ 30. Kxg2 Ne3+ 31. Kh3 Rf3+ 32. Kh4 Rf4+ 33. Kh3 Rxe4 34. Bg5 Nf5 35. Ra6 h6 36. Rxg6 Kh7 37. Bxh6 Kxg6 0-1

[Event "Montreal Mercredi 02"]
[Site "Montreal CAN"]
[Date "2011.03.02"]
[Round "2"]
[White "Chang, Michael"]
[Black "Lescarbeau, Martin"]
[Result "1/2-1/2"]
[WhiteElo "1604"]
[BlackElo "1621"]
[PlyCount "73"]
[GameId "2160767909804335"]
[EventDate "2011.02.23"]
[EventType "tourn"]
[EventRounds "5"]
[EventCountry "CAN"]
[SourceTitle "EXT 2013"]
[Source "ChessBase"]
[SourceDate "2012.11.22"]
[SourceVersion "1"]
[SourceVersionDate "2012.11.22"]
[SourceQuality "1"]

1. e4 c6 2. d4 d5 3. Nc3 dxe4 4. Nxe4 Nd7 5. Nf3 Ngf6 6. Ng3 e6 7. Bf4 h6 8. h4 Nd5 9. Bd2 Bd6 10. c4 N5f6 11. Bd3 Qc7 12. Ne4 Nxe4 13. Bxe4 Nf6 14. Bd3 Bd7 15. Qe2 O-O-O 16. O-O-O Rhe8 17. Bc3 c5 18. dxc5 Bxc5 19. b4 Bd6 20. Kb1 Ba4 21. Rd2 e5 22. c5 e4 23. cxd6 Qb6 24. Bxf6 exd3 25. Qxd3 gxf6 26. Qc3+ Kb8 27. Qc5 Qxc5 28. bxc5 Bc6 29. Kb2 Bxf3 30. gxf3 Re5 31. Rc1 Rf5 32. Rc3 Rf4 33. Rd5 Rxh4 34. Rf5 Rh2 35. Rc2 b6 36. Rxf6 bxc5 37. Rxc5 1/2-1/2

[Event "Montreal Mercredi 02"]
[Site "Montreal CAN"]
[Date "2011.03.02"]
[Round "2"]
[White "Dardoura, Khaled"]
[Black "Deshetres, Michel"]
[Result "1/2-1/2"]
[WhiteElo "1613"]
[BlackElo "1672"]
[PlyCount "80"]
[GameId "2160767909804337"]
[EventDate "2011.02.23"]
[EventType "tourn"]
[EventRounds "5"]
[EventCountry "CAN"]
[SourceTitle "EXT 2013"]
[Source "ChessBase"]
[SourceDate "2012.11.22"]
[SourceVersion "1"]
[SourceVersionDate "2012.11.22"]
[SourceQuality "1"]

1. d4 Nf6 2. c4 g6 3. g3 Bg7 4. Bg2 O-O 5. Nc3 d6 6. e3 e5 7. Nge2 c6 8. O-O Nbd7 9. b3 Nb6 10. Ba3 Re8 11. c5 exd4 12. Nxd4 dxc5 13. Bxc5 Nbd5 14. Nxd5 Nxd5 15. Qd2 b6 16. Nxc6 Qc7 17. Bd4 Bxd4 18. Nxd4 Bb7 19. Rac1 Qd7 20. Rc2 Rac8 21. Rfc1 Rxc2 22. Rxc2 Rc8 23. Rxc8+ Qxc8 24. Qc2 Qd7 25. Qc4 Nf6 26. Bxb7 Qxb7 27. Qc6 Qe7 28. Qc8+ Kg7 29. Qc3 Qe5 30. Ne2 Qf5 31. Kg2 h5 32. Nf4 h4 33. gxh4 Qg4+ 34. Kf1 Qd1+ 35. Qe1 Qg4 36. Ng2 Qh3 37. Kg1 Ng4 38. Qc3+ Kh7 39. Qc7 Qf3 40. Qc2 Qh3 1/2-1/2

[Event "Montreal Mercredi 02"]
[Site "Montreal CAN"]
[Date "2011.03.02"]
[Round "2"]
[White "Gates, Claude-Eric"]
[Black "Gauthier, Luc"]
[Result "1-0"]
[WhiteElo "1713"]
[BlackElo "1738"]
[PlyCount "89"]
[GameId "2160767909804338"]
[EventDate "2011.02.23"]
[EventType "tourn"]
[EventRounds "5"]
[EventCountry "CAN"]
[SourceTitle "EXT 2013"]
[Source "ChessBase"]
[SourceDate "2012.11.22"]
[SourceVersion "1"]
[SourceVersionDate "2012.11.22"]
[SourceQuality "1"]

1. b3 f5 2. Bb2 e6 3. Nf3 Nf6 4. e3 b6 5. c4 Bb7 6. Nc3 Be7 7. Be2 O-O 8. Qc2 Nc6 9. a3 d6 10. d4 Qd7 11. h3 d5 12. O-O-O Ne4 13. Bd3 a5 14. Ne5 Nxe5 15. dxe5 Nc5 16. cxd5 Nxd3+ 17. Qxd3 exd5 18. Nxd5 Bxd5 19. Qxd5+ Qxd5 20. Rxd5 Rad8 21. Rhd1 Rxd5 22. Rxd5 Rd8 23. Rd4 c5 24. Rxd8+ Bxd8 25. a4 Kf7 26. Kd2 Ke6 27. Kd3 Kd5 28. f3 g6 29. g4 fxg4 30. fxg4 h5 31. e4+ Ke6 32. Kc4 hxg4 33. hxg4 Bh4 34. Kb5 Bf2 35. Bc3 Bd4 36. Be1 Kxe5 37. Bg3+ Kxe4 38. Bc7 Kd3 39. Bxb6 Kc3 40. Bxc5 Be5 41. Kxa5 Kxb3 42. Kb5 Bc3 43. Be7 Kc2 44. a5 Kd3 45. a6 1-0

[Event "Montreal Mercredi 02"]
[Site "Montreal CAN"]
[Date "2011.03.02"]
[Round "2"]
[White "Lalonde, Paul"]
[Black "Lopez Linares, Lizandro"]
[Result "1/2-1/2"]
[WhiteElo "1880"]
[BlackElo "1880"]
[PlyCount "94"]
[GameId "2160767909804339"]
[EventDate "2011.02.23"]
[EventType "tourn"]
[EventRounds "5"]
[EventCountry "CAN"]
[SourceTitle "EXT 2013"]
[Source "ChessBase"]
[SourceDate "2012.11.22"]
[SourceVersion "1"]
[SourceVersionDate "2012.11.22"]
[SourceQuality "1"]

1. e4 c6 2. d4 d5 3. Nc3 dxe4 4. Nxe4 Nf6 5. Ng3 g6 6. Nf3 Bg7 7. Bc4 O-O 8. O-O Bg4 9. c3 b5 10. Bd3 Qd5 11. Re1 Bxf3 12. Qxf3 Qxf3 13. gxf3 e6 14. a4 b4 15. Ne4 Nbd7 16. Bd2 bxc3 17. bxc3 c5 18. Rab1 cxd4 19. cxd4 Nd5 20. Rb7 N7f6 21. Rc1 Nh5 22. Nd6 Rad8 23. Nb5 a6 24. Nc7 Bxd4 25. Bh6 Ng7 26. Bxa6 Nxc7 27. Rcxc7 Be5 28. Rd7 Rxd7 29. Rxd7 Rb8 30. Bb5 Nf5 31. Bd2 Nd4 32. f4 Bf6 33. Bf1 Rb1 34. Kg2 Ra1 35. a5 Nb3 36. a6 Nc5 37. Ra7 Bd4 38. Ra8+ Kg7 39. Rd8 Bf6 40. Ra8 Bd4 41. Be3 Bxe3 42. fxe3 Kf6 43. Bb5 Ne4 44. Bc6 Kf5 45. Rf8 f6 46. Bb7 Ra2+ 47. Kf1 Nc5 1/2-1/2

[Event "Montreal Mercredi 02"]
[Site "Montreal CAN"]
[Date "2011.03.02"]
[Round "2"]
[White "Levkovsky, Alexandre"]
[Black "Gagnon, Serge"]
[Result "1/2-1/2"]
[WhiteElo "2246"]
[BlackElo "2061"]
[PlyCount "44"]
[GameId "2160767909804340"]
[EventDate "2011.02.23"]
[EventType "tourn"]
[EventRounds "5"]
[EventCountry "CAN"]
[SourceTitle "EXT 2013"]
[Source "ChessBase"]
[SourceDate "2012.11.22"]
[SourceVersion "1"]
[SourceVersionDate "2012.11.22"]
[SourceQuality "1"]

1. d4 Nf6 2. c4 g6 3. Nc3 d5 4. cxd5 Nxd5 5. e4 Nxc3 6. bxc3 Bg7 7. Nf3 c5 8. Bc4 O-O 9. O-O Nc6 10. Bd5 cxd4 11. Bxc6 bxc6 12. cxd4 c5 13. Be3 Bg4 14. d5 Bxf3 15. gxf3 Qd6 16. Rc1 Be5 17. Bxc5 Bxh2+ 18. Kg2 Qf6 19. Kxh2 Qf4+ 20. Kg2 Qg5+ 21. Kh3 Qh5+ 22. Kg2 Qg5+ 1/2-1/2

[Event "Montreal Mercredi 02"]
[Site "Montreal CAN"]
[Date "2011.03.02"]
[Round "2"]
[White "Nardone, Raul"]
[Black "Pilotte, Benoit"]
[Result "0-1"]
[WhiteElo "1779"]
[BlackElo "1782"]
[PlyCount "64"]
[GameId "2160767909804341"]
[EventDate "2011.02.23"]
[EventType "tourn"]
[EventRounds "5"]
[EventCountry "CAN"]
[SourceTitle "EXT 2013"]
[Source "ChessBase"]
[SourceDate "2012.11.22"]
[SourceVersion "1"]
[SourceVersionDate "2012.11.22"]
[SourceQuality "1"]

1. e4 g6 2. d4 Bg7 3. Nc3 d6 4. g3 a6 5. Bg2 h6 6. Nge2 Nd7 7. f4 e6 8. f5 exf5 9. exf5 g5 10. O-O Ndf6 11. d5 Ng4 12. Nd4 Qf6 13. Qxg4 Qxd4+ 14. Qxd4 Bxd4+ 15. Kh1 Nf6 16. Ne4 Nxe4 17. Bxe4 Bd7 18. Rd1 Be5 19. Be3 Ke7 20. c3 Kf6 21. Rf1 Rae8 22. Rae1 Bb5 23. Rf2 Re7 24. Bd2 Rhe8 25. Re3 Bd4 26. cxd4 Rxe4 27. Rxe4 Rxe4 28. Bc3 Bc4 29. Kg2 Bxa2 30. Kh3 h5 31. Ba5 b6 32. Bc3 a5 0-1

[Event "Montreal Mercredi 02"]
[Site "Montreal CAN"]
[Date "2011.03.02"]
[Round "2"]
[White "Pregent, Daniel"]
[Black "Brassard, Sylvain"]
[Result "0-1"]
[WhiteElo "1840"]
[BlackElo "1807"]
[PlyCount "64"]
[GameId "2160767909804342"]
[EventDate "2011.02.23"]
[EventType "tourn"]
[EventRounds "5"]
[EventCountry "CAN"]
[SourceTitle "EXT 2013"]
[Source "ChessBase"]
[SourceDate "2012.11.22"]
[SourceVersion "1"]
[SourceVersionDate "2012.11.22"]
[SourceQuality "1"]

1. d4 d5 2. c4 e6 3. Nf3 Nf6 4. e3 c6 5. Nbd2 Bd6 6. Bd3 O-O 7. b3 Nbd7 8. Bb2 Re8 9. Ne5 Nf8 10. O-O N6d7 11. f4 f6 12. Qh5 fxe5 13. fxe5 g6 14. Qh6 Bb4 15. Nf3 Qe7 16. Ng5 Qg7 17. Qh3 Re7 18. Rf2 h6 19. Nf3 Rf7 20. Raf1 Nh7 21. cxd5 cxd5 22. Qxe6 Nc5 23. Qxg6 Nxd3 24. Qxd3 Be6 25. Qb5 Bf8 26. Nd2 Rxf2 27. Rxf2 Rc8 28. Qd3 Qg4 29. Rf3 Ng5 30. Rg3 Qd1+ 31. Kf2 Bg7 32. Rxg5 Rf8+ 0-1

[Event "Montreal Mercredi 02"]
[Site "Montreal CAN"]
[Date "2011.03.02"]
[Round "2"]
[White "Sasseville, Jean"]
[Black "Gauthier, Denis"]
[Result "0-1"]
[WhiteElo "1968"]
[BlackElo "2050"]
[PlyCount "99"]
[GameId "2160767909804343"]
[EventDate "2011.02.23"]
[EventType "tourn"]
[EventRounds "5"]
[EventCountry "CAN"]
[SourceTitle "EXT 2013"]
[Source "ChessBase"]
[SourceDate "2012.11.22"]
[SourceVersion "1"]
[SourceVersionDate "2012.11.22"]
[SourceQuality "1"]

1. Nf3 Nf6 2. c4 c5 3. Nc3 Nc6 4. g3 d5 5. cxd5 Nxd5 6. Bg2 Nc7 7. O-O e5 8. d3 Be7 9. Be3 O-O 10. Rc1 f6 11. Ne4 b6 12. a3 Bb7 13. Qa4 Nd4 14. Bxd4 exd4 15. b4 f5 16. Ned2 Bd5 17. bxc5 Bxc5 18. Nb3 b5 19. Qa5 Bb6 20. Qb4 a5 21. Nxa5 Rxa5 22. Nxd4 Bxg2 23. Kxg2 Qd5+ 24. Nf3 Ra4 25. Qc3 Rfa8 26. Qc6 Qxc6 27. Rxc6 Rb8 28. Ne5 Nd5 29. Rfc1 h6 30. Nd7 Rb7 31. Rc8+ Kf7 32. Ne5+ Ke6 33. f4 Rc7 34. Rc6+ Rxc6 35. Rxc6+ Ke7 36. Rg6 Rxa3 37. Rxg7+ Kd6 38. e4 fxe4 39. dxe4 Ne3+ 40. Kh3 b4 41. Rg6+ Kc7 42. Rg7+ Kc8 43. f5 Bd4 44. Re7 Bxe5 45. Rxe5 b3 46. Rb5 Kd7 47. Kh4 Ra2 48. h3 b2 49. g4 Nc4 50. e5 0-1

[Event "Montreal Mercredi 02"]
[Site "Montreal CAN"]
[Date "2011.03.02"]
[Round "2"]
[White "Weston, Paul"]
[Black "Rondon, Luciano"]
[Result "1/2-1/2"]
[WhiteElo "1850"]
[BlackElo "1869"]
[PlyCount "93"]
[GameId "2160767909804344"]
[EventDate "2011.02.23"]
[EventType "tourn"]
[EventRounds "5"]
[EventCountry "CAN"]
[SourceTitle "EXT 2013"]
[Source "ChessBase"]
[SourceDate "2012.11.22"]
[SourceVersion "1"]
[SourceVersionDate "2012.11.22"]
[SourceQuality "1"]

1. f4 d5 2. e3 Nf6 3. Nf3 e6 4. b3 Be7 5. Bb2 b6 6. Be2 O-O 7. O-O Bb7 8. Ne5 Ne4 9. d3 Nd6 10. Bf3 Nd7 11. Nxd7 Qxd7 12. Nd2 Nf5 13. Qe2 Ba6 14. Kh1 Rad8 15. e4 dxe4 16. Bxe4 c5 17. Nf3 f6 18. Rae1 Bd6 19. g3 Rfe8 20. a4 Bb7 21. Bxb7 Qxb7 22. Qe4 Qf7 23. g4 Ne7 24. Qxe6 Bxf4 25. Qxf7+ Kxf7 26. g5 Nd5 27. gxf6 Nxf6 28. Bxf6 Kxf6 29. Rxe8 Rxe8 30. Nd2 Re2 31. Ne4+ Ke5 32. Rf2 Rxf2 33. Nxf2 Kd4 34. Nd1 a6 35. Kg2 b5 36. axb5 axb5 37. h3 c4 38. dxc4 bxc4 39. bxc4 Kxc4 40. Kf3 Bd6 41. Nf2 h5 42. Ke4 Kc3 43. Kf5 Kxc2 44. Kg6 Bg3 45. Ne4 h4 46. Kxg7 Kd3 47. Ng5 1/2-1/2

[Event "Montreal Mercredi 02"]
[Site "Montreal CAN"]
[Date "2011.03.09"]
[Round "3"]
[White "Baran, Marius"]
[Black "Chang, Michael"]
[Result "0-1"]
[WhiteElo "1682"]
[BlackElo "1604"]
[PlyCount "94"]
[GameId "2160767909804345"]
[EventDate "2011.02.23"]
[EventType "tourn"]
[EventRounds "5"]
[EventCountry "CAN"]
[SourceTitle "EXT 2013"]
[Source "ChessBase"]
[SourceDate "2012.11.22"]
[SourceVersion "1"]
[SourceVersionDate "2012.11.22"]
[SourceQuality "1"]

1. d4 Nf6 2. c4 g6 3. Nc3 Bg7 4. Nf3 O-O 5. Bg5 d6 6. Qd2 c6 7. Bh6 a6 8. Bxg7 Kxg7 9. e3 b5 10. Bd3 Bb7 11. O-O Nbd7 12. Rfd1 d5 13. c5 a5 14. a3 Qc7 15. b4 axb4 16. axb4 e5 17. dxe5 Nxe5 18. Nxe5 Qxe5 19. h3 Qc7 20. Ne2 Rfe8 21. Qc3 Ra6 22. Rxa6 Bxa6 23. g4 h6 24. Ra1 Bc8 25. Qd4 Qe7 26. Ra8 Kh7 27. Ng3 Nd7 28. Ra7 Qh4 29. Qf4 Kg7 30. Bf5 Nf6 31. Bxc8 Rxc8 32. e4 dxe4 33. Nxe4 Rf8 34. Nxf6 Qxf6 35. Qxf6+ Kxf6 36. Rc7 Ke5 37. Rxc6 Kd5 38. Rb6 Kc4 39. Rb7 Kxb4 40. c6 Rc8 41. c7 Ka5 42. Kf1 Ka6 43. Rb8 Rxc7 44. Ke2 Rc6 45. Kd2 Ka5 46. Rh8 g5 47. Rh7 Rf6 0-1